Deutsche Hockeyvereine - Statistiken

Allgemein
  • Dieses Quiz wurde 25 mal gespielt
  • Das Durchschnittsergebnis liegt bei 19 aus 40
Antwortstatistiken
Bildquiz Antwort % Korrekt
HTHC
86%
Zehlendorfer Wespen
86%
Der Club an der Alster
81%
UHC Hamburg
76%
Düsseldorfer HC
71%
Mannheimer HC
67%
Berliner HC
62%
Klipper THC
62%
Rot-Weiß Köln
62%
DTV Hannover
57%
Hamburger Polo Club
57%
Bonner THV
52%
Grossflottbeker THGC
52%
Münchner SC
52%
Club Raffelberg
48%
HC Ludwigsburg
48%
Schott Mainz
48%
Stuttgarter Kickers
48%
TSV Mannheim Hockey
48%
Zehlendorf 88
48%
Gladbacher HTC
43%
HG Nürnberg
43%
Nürnberger HTC
43%
Rotation Prenzlauer Berg
43%
Schwarz-Weiß Neuss
43%
TG Frankenthal
43%
Uhlenhorst Mühlheim
43%
Wiesbadener THC
43%
ATV Leipzig
38%
Bremer HC
38%
Club zur Vahr
38%
Potsdamer SU
38%
Rüsselsheimer RK
38%
Frankfurt 80
33%
TC Blau Weiß Berlin
29%
Dürkheimer HC
19%
SSC Jena
19%
Cöthener HC
14%
Schweriner SC
14%
Crefelder HC
10%
Keine übereinstimmenden Quizze gefunden
Verteilung der Resultate
Anzahl Personen mit jedem Resultat
Perzentil nach korrekt beantworteten Fragen
Ihre Resultats-Entwicklung
Sie haben dieses Quiz noch nicht gespielt